000 00550nam a2200193Ia 4500
999 _c10709
_d10709
003 OSt
005 20200118131808.0
008 190216s9999||||xx |||||||||||||| ||und||
020 _a8178664968
040 _coclc
082 _a658.848
_bCHE/I
100 _aCherunilam, Francis
_9546
245 0 _aInternational Marketing /
_cFrancis Cherunilam
250 _a5th ed.
260 _bHimalaya Publishing House,
_c2002.
_aMumbai:
300 _a337p
650 _xManagement
942 _cBK
_2ddc
_h658.848
_iCHE/I
_k658.848
_mCHE/I